Statistics for German To English

Click here to take the quiz!

General Stats

  • This quiz has been taken 55 times
  • The average score is 10 of 15

Answer Stats

HintAnswer% Correct
NeinNo
100%
DankeThanks
100%
JaYes
100%
DeutschGerman
94%
DeutschlandGermany
92%
IchI
92%
BittePlease
84%
SehrVery
72%
NichtNot
68%
EssenEat
62%
BuchBook
60%
ZugTrain
50%
LebensmittelFood
32%
HübschNice
18%
VerzeihungSorry
8%

Score Distribution

Percentile by Number Answered

Percent of People with Each Score

Your Score History

You have not taken this quiz